000 00840nam a2200253 i 4500
001 182019
003 ES-MaACL
005 20250704062533.0
008 130523q18501899fr a | |||||||| ||fre d
100 1 _aDumas, Alexandre,
_d1802-1870
_9241135
110 _eaut
245 1 0 _a[Sylvandire /
_cpar Alexandre Dumas].
260 _a[S.l. :
_bs.n.,
_cs.a.] (
_eParis :
_fImpr. de Louis Grimaux)
300 _aP. [323]-412 :
_bil. ;
_c30 cm.
490 1 _aOeuvres complètes d'Alexandre Dumas
594 _aTit. y autor tomados de pag.1.
596 _aImpreso en el siglo XIX.
597 _aTexto a dos col.
599 _aLa il. en pag.1.
830 0 _aOeuvres complètes d'Alexandre Dumas
_9191733
852 _aES-MaACL
_jR-1711(6)
_q.- Ejempl. sin portada en un vol. facticio
942 _2udc
999 _c182019
_d182019